Countries Where Same-Sex Marriages Are Performed - Statistics

General Stats
  • This quiz has been taken 214 times
    53 since last reset
  • The average score is 33 of 38
Answers on the Map
Answers color-coded by a green-red scale on the quiz's map according to % correct below.
 
Answer Stats
Country % Correct
Belgium
98%
France
98%
United Kingdom
98%
Canada
95%
Germany
95%
Netherlands
95%
Norway
95%
Spain
95%
Sweden
95%
Switzerland
95%
United States
95%
Australia
93%
Austria
93%
Brazil
93%
Denmark
93%
Finland
93%
Ireland
93%
Mexico
93%
Argentina
91%
New Zealand
91%
Portugal
91%
Chile
88%
Colombia
88%
Iceland
88%
Luxembourg
88%
Greece
84%
Liechtenstein
79%
Uruguay
79%
Ecuador
77%
Estonia
77%
Malta
77%
South Africa
74%
Costa Rica
72%
Cuba
72%
Slovenia
72%
Andorra
70%
Taiwan
70%
Thailand
67%
No matching quizzes found
Score Distribution
Percent of People with Each Score
Percentile by Number Answered
Your Score History
You have not taken this quiz since the last reset